LIBRARY & INFORMATION CENTRE, KCAET, TAVANUR

ONLINE PUBLIC ACCESS CATALOGUE (OPAC)

Normal view MARC view
  • T Natarajan

Entry Personal Name

Number of records used in: 1

001 - CONTROL NUMBER

  • control field: 4632

003 - CONTROL NUMBER IDENTIFIER

  • control field: OSt

005 - DATE AND TIME OF LATEST TRANSACTION

  • control field: 20200625111856.0

008 - FIXED-LENGTH DATA ELEMENTS

  • fixed length control field: 200625|| aca||aabn | a|a d

040 ## - CATALOGING SOURCE

  • Original cataloging agency: OSt
  • Transcribing agency: OSt

100 ## - HEADING--PERSONAL NAME

  • Personal name: T Natarajan

670 ## - SOURCE DATA FOUND

  • Source citation: Work cat.: (OSt): T Natarajan, Mathematics for the engineering course vol-1 Part-1
free website counter